000 00245nam a2200109Ia 4500
008 190216s9999||||xx |||||||||||||| ||und||
100 _aDavid Selboerne
245 3 _aAn Eye To India
260 _bPenguin Books
650 _aEnglish
942 _cBK
999 _c12852
_d12852